Aplicaciones de mejora de Métodos de trabajo y medición de tiempos

Bibliographic Details
Main Author: Sampiere Ripoll, Francisca
Format: Section = Libro
Language:Undetermined
Spanish
Published: México Lexus Editores 2008
Subjects:
LEADER 00553nam a2200193Ia 4500
008 240830s9999 xx 000 0 und d
020 |a 978-968-18-7033-1 
040 |a B-ESTELÍ- RUACS / 331.17 S473 
041 |a spa 
082 |a 331.17 S473  
100 1 |a Sampiere Ripoll, Francisca 
245 1 0 |a Aplicaciones de mejora de Métodos de trabajo y medición de tiempos 
260 |a México  |b Lexus Editores  |c 2008 
300 |a 208 p:il 
650 7 |a MÉTODOS DE TRABAJO 
650 7 |b  TRABAJO (MEDICION) 
942 |c BK  |2 ddc 
991 |a TEXTO 
999 |c 10734